[Event "Autumn Cup"]
[Site "Wellington Chess Club"]
[Date "2012.05.15"]
[Round "3"]
[White "Jackson, Ross"]
[Black "Meyer, Marany"]
[Result "1/2-1/2"]
[WhiteElo "2060"]
[BlackElo "2065"]

1. d4 d6 2. e4 g6 3. c4 Bg7 4. Nc3 Nf6 5. f4 O-O 6. Nf3 Bg4 7. Be2 Re8 8. O-O
c6 9. e5 dxe5 10. fxe5 Nfd7 11. Ng5 Bxe2 12. Qxe2 f6 13. Ne6 Qc8 14. Nxg7 Kxg7
15. Bf4 Nf8 16. Rae1 Nbd7 17. Qf2 Ne6 18. exf6+ exf6 19. Bd6 Qd8 20. d5 Ng5 21.
Bf4 Nf7 22. dxc6 bxc6 23. Rxe8 Qxe8 24. Re1 Qf8 25. b3 Nde5 26. Rd1 Ng4 27. Qd4
Qe7 28. Qd7 Qc5+ 29. Qd4 Qe7 30. c5 Rd8 31. Bd6 Nxd6 32. cxd6 Rxd6 33. Qxg4
Rxd1+ 34. Qxd1 Qe3+ 35. Kf1 Qxc3 36. Qd7+ Kh6 37. Qxa7 c5 38. h3 Qc1+ 39. Kf2
Qd2+ 1/2-1/2

[Event "Autumn Cup"]
[Site "Wellington Chess Club"]
[Date "2012.05.15"]
[Round "3"]
[White "Ker, Anthony"]
[Black "Pomeroy, Arthur"]
[Result "1-0"]
[WhiteElo "2451"]
[BlackElo "2111"]

1. e4 c5 2. c3 Nf6 3. e5 Nd5 4. d4 cxd4 5. Nf3 e6 6. cxd4 d6 7. Bc4 Nb6 8. Bd3
Nc6 9. a3 Qc7 10. Bf4 dxe5 11. dxe5 Nd5 12. Bg3 g6 13. Nbd2 Bg7 14. Qe2 O-O 15.
h4 Bd7 16. h5 Rac8 17. Nc4 Na5 18. Nd6 Qc1+ 19. Qd1 Qxd1+ 20. Rxd1 Rc7 21. Ng5
Ba4 22. Rb1 Bc2 23. Bxc2 Rxc2 24. hxg6 hxg6 25. Kd1 Rc7 26. Rc1 Rxc1+ 27. Kxc1
Nb3+ 28. Kb1 Nd4 29. Bh2 f6 30. exf6 Bxf6 31. Nge4 Bg7 32. Nxb7 Nf4 33. g3 Nd5
34. g4 Nf6 35. Nxf6+ Rxf6 36. Bg3 Rf3 37. Nc5 Ne2 38. Nxe6 Nxg3 39. fxg3 Rxg3
40. Nxg7 Kxg7 41. Rc1 Rxg4 42. Rc7+ Kf6 43. Rxa7 g5 44. b4 Rg3 45. Kc2 g4 46.
b5 Ke5 47. a4 Kd5 48. a5 Ra3 49. Kb2 Ra4 50. b6 Kc6 51. Kb3 Ra1 52. Rc7+ Kd6
53. Kb4 g3 54. Rg7 Kc6 55. Rxg3 Rb1+ 56. Rb3 Rh1 57. Rc3+ Kb7 58. Rc7+ Ka6 59.
Ra7# 1-0

[Event "Autumn Cup"]
[Site "Wellington Chess Club"]
[Date "2012.05.15"]
[Round "3"]
[White "Marney, John"]
[Black "Shierlaw, Hamish"]
[Result "0-1"]
[WhiteElo "1627"]
[BlackElo "1591"]

1. e4 e5 2. Nf3 d6 3. d4 exd4 4. Nxd4 Nf6 5. Nc3 Be7 6. Bc4 O-O 7. b3 Nxe4 8.
Nxe4 d5 9. Bd3 dxe4 10. Bxe4 Bb4+ 11. Kf1 Bc3 12. Be3 Bxa1 13. Qxa1 Re8 14. Bd3
Qf6 15. Ke2 Bd7 16. c3 Nc6 17. Kd2 Nxd4 18. Bxd4 Qg5+ 19. Kc2 Bf5 20. g4 Re2+
21. Kd1 Qd2# 0-1

[Event "Autumn Cup"]
[Site "Wellington Chess Club"]
[Date "2012.05.15"]
[Round "3"]
[White "Nyberg, Michael"]
[Black "Dive, Russell"]
[Result "0-1"]
[WhiteElo "2076"]
[BlackElo "2429"]

1. d4 Nf6 2. c4 e6 3. Nf3 b6 4. Bg5 Bb7 5. Nbd2 h6 6. Bh4 Be7 7. e3 c5 8. Bg3
O-O 9. Bd3 cxd4 10. exd4 d5 11. O-O Nc6 12. Rc1 Nb4 13. Bb1 dxc4 14. Nxc4 Bxf3
15. Qxf3 Qxd4 16. Rfd1 Qg4 17. Qb7 Nbd5 18. h3 Qg5 19. Ne5 Bc5 20. Kh1 Bxf2 21.
Bxf2 Qxe5 22. Bd4 Qg5 23. Rf1 Nh5 24. Bf2 a5 25. Rc4 Qf6 26. Kg1 Nhf4 27. Re4
Qg5 28. Rxf4 Nxf4 29. Bxb6 Rab8 30. Qe4 f5 31. Qxf4 Qxf4 32. Rxf4 Rxb6 33. b3
Rd8 34. Kh2 Rd2 35. Rc4 Rb4 36. Rc6 Kf7 37. Kg3 g5 38. Bc2 Rf4 39. Rc5 Rff2 40.
Bb1 Rxg2+ 41. Kf3 Rh2 42. Ke3 f4+ 43. Kf3 Rxh3+ 0-1

[Event "Autumn Cup"]
[Site "Wellington Chess Club"]
[Date "2012.05.15"]
[Round "3"]
[White "Sellen, Ian"]
[Black "Aldridge, Alan"]
[Result "0-1"]
[WhiteElo "2069"]
[BlackElo "1934"]

1. c4 Nf6 2. Nf3 b6 3. b3 Bb7 4. g3 c5 5. Bg2 e6 6. Nc3 Be7 7. O-O O-O 8. d4
Na6 9. d5 exd5 10. cxd5 d6 11. e4 Nd7 12. Bf4 Bf6 13. Rc1 Bxc3 14. Rxc3 Qf6 15.
Qd2 h6 16. h4 Rfe8 17. Re1 Nc7 18. a4 b5 19. g4 bxa4 20. g5 hxg5 21. hxg5 Qe7
22. bxa4 Nf8 23. e5 Nxd5 24. exd6 Qd7 25. Rxe8 Rxe8 26. Rxc5 Nxf4 27. Qxf4 Ne6
28. Qb4 Nxc5 29. Qxc5 Bxf3 30. Bxf3 Qxa4 31. Kg2 Rd8 32. Bc6 Qg4+ 0-1

[Event "Autumn Cup"]
[Site "Wellington Chess Club"]
[Date "2012.05.15"]
[Round "3"]
[White "Stone, Andrew"]
[Black "Forster, Bill"]
[Result "1-0"]
[WhiteElo "1963"]
[BlackElo "2041"]

1. e4 c5 2. d4 cxd4 3. c3 dxc3 4. Nxc3 Nc6 5. Nf3 d6 6. Bc4 Bg4 7. Bxf7+ Kd7 8.
e5 Bxf3 9. Qxf3 Qa5 10. exd6 exd6 11. O-O Rd8 12. Nd5 Kc8 13. b4 Qa4 14. Bxg8
Rxg8 15. Qf7 Be7 16. Nxe7+ Nxe7 17. Qxe7 Qxb4 18. Be3 Rd7 19. Rfc1+ 1-0

[Event "Autumn Cup"]
[Site "Wellington Chess Club"]
[Date "2012.05.15"]
[Round "3"]
[White "Veldhuizen, Matt"]
[Black "Theodosiou, Andreas"]
[Result "1-0"]
[WhiteElo "1537"]
[BlackElo "1231"]

1. c4 Nf6 2. g3 c6 3. Bg2 d5 4. cxd5 cxd5 5. Nc3 e6 6. d4 Bb4 7. Bd2 O-O 8. Nf3
Nc6 9. e3 Bd7 10. O-O Qc8 11. Re1 Re8 12. Rc1 Bd6 13. Nb5 Qb8 14. Nxd6 Qxd6 15.
Rc2 Rac8 16. a3 a5 17. Qb1 e5 18. dxe5 Nxe5 19. Nxe5 Rxe5 20. Bxa5 Ra8 21. Bc7
Qe7 22. Bxe5 Bf5 23. Bxf6 Qxf6 24. e4 Bg6 25. Qc1 Qd8 26. Rc5 d4 27. Rd5 Qb6
28. Rd1 1-0

[Event "Autumn Cup"]
[Site "Wellington Chess Club"]
[Date "2012.05.15"]
[Round "3"]
[White "Whittle, Jonathon"]
[Black "Timergazi, Layla"]
[Result "1-0"]
[WhiteElo "1605"]
[BlackElo "1648"]

1. Nf3 c6 2. c4 d5 3. g3 Nf6 4. Bg2 g6 5. cxd5 cxd5 6. O-O Bg7 7. Nc3 Nc6 8. d3
O-O 9. Qb3 e5 10. e4 d4 11. Nd5 Be6 12. Nxf6+ Bxf6 13. Qxb7 Qd6 14. Qa6 Qc5 15.
Qa4 Nb4 16. Bh6 Rfc8 17. Rfc1 Nc2 18. Rab1 a5 19. Bd2 Bd8 20. Nxe5 Rab8 21. Nf3
f6 22. Qe8+ 1-0

[Event "Autumn Cup"]
[Site "Wellington Chess Club"]
[Date "2012.05.22"]
[Round "4"]
[White "Aldridge, Alan"]
[Black "Meyer, Marany"]
[Result "0-1"]
[WhiteElo "1934"]
[BlackElo "2065"]

1. d4 Nf6 2. c4 g6 3. Nc3 Bg7 4. e4 d6 5. f3 O-O 6. Be3 c6 7. Bd3 e5 8. d5 cxd5
9. cxd5 a6 10. a4 Nbd7 11. b4 Nh5 12. Nge2 Nf4 13. g3 Ng2+ 14. Kf2 Nxe3 15.
Kxe3 Qb6+ 16. Kd2 Qxb4 17. Qc2 Nc5 18. Rhb1 Qa5 19. Nc1 Nxd3 20. Qxd3 f5 21.
Nb3 Qd8 22. Rf1 fxe4 23. fxe4 Bh3 24. Rxf8+ Bxf8 25. Kc2 Rc8 26. Kb2 Qb6 27.
Qe2 Bh6 28. Re1 Rf8 29. Nd1 Qb4 30. g4 Bxg4 0-1

[Event "Autumn Cup"]
[Site "Wellington Chess Club"]
[Date "2012.05.22"]
[Round "4"]
[White "Cook, John"]
[Black "Timergazi, Layla"]
[Result "0-1"]
[WhiteElo "1648"]
[BlackElo "1648"]

1. d4 c6 2. e3 d5 3. Bd3 Nf6 4. Nd2 Nbd7 5. f4 e6 6. Ngf3 c5 7. c3 c4 8. Bc2
Be7 9. Ne5 O-O 10. O-O Ne8 11. Rf3 f6 12. Bxh7+ Kxh7 13. Rh3+ Kg8 14. Ng6 Nd6
15. Rh8+ Kf7 16. Qh5 (16. Rxf8+ Nxf8 17. Nxe7) 16... Rxh8 17. Nxh8+ Kg8 18. Ng6
Nf8 19. e4 Nxe4 20. Nxe4 dxe4 21. Bd2 Bd7 22. Re1 f5 23. Re3 Nxg6 24. Qxg6 Qe8
25. Qg3 Qh5 26. Qe1 Bd6 27. Rh3 Qg6 28. Qh4 Kf7 29. Rg3 Qh6 30. Qxh6 gxh6 31.
Kf1 Rc8 32. Rh3 Kg7 33. Kg1 Ba4 34. Kf1 Rc6 35. Rg3+ Kh7 36. Kg1 Rb6 37. Bc1
Ba3 38. b3 Bxc1 0-1

[Event "Autumn Cup"]
[Site "Wellington Chess Club"]
[Date "2012.05.22"]
[Round "4"]
[White "Farrington, Lawrence"]
[Black "Roberts, Michael"]
[Result "1-0"]
[WhiteElo "1767"]
[BlackElo "1868"]

1. e4 e5 2. Nf3 Nc6 3. Nc3 d6 4. Bb5 Bd7 5. d4 exd4 6. Nxd4 Nxd4 7. Bxd7+ Qxd7
8. Qxd4 Nf6 9. O-O Be7 10. Be3 O-O 11. Rad1 a6 12. e5 Ne8 13. Nd5 Kh8 14. Nxe7
Qxe7 15. exd6 Nxd6 16. Qf4 b6 17. Bxb6 Rab8 18. Bd4 Nb5 19. Rfe1 1-0

[Event "Autumn Cup"]
[Site "Wellington Chess Club"]
[Date "2012.05.22"]
[Round "4"]
[White "Nicholls, Alistair"]
[Black "Hewson, Michael"]
[Result "1-0"]
[WhiteElo "1760"]
[BlackElo "1799"]

1. e4 e5 2. Nf3 d6 3. d4 Nf6 4. Nc3 Bg4 5. dxe5 Bxf3 6. Qxf3 dxe5 7. Bg5 Bb4 8.
Rd1 Qe7 9. Bb5+ c6 10. Bc4 Nbd7 11. O-O O-O 12. Ne2 Ba5 13. Ng3 Bc7 14. Nf5 (
14. Rxd7 Qxd7 15. Bxf6 gxf6 16. Nh5) 14... Qe8 15. Bh6 1-0

[Event "Autumn Cup"]
[Site "Wellington Chess Club"]
[Date "2012.05.22"]
[Round "4"]
[White "Shierlaw, Hamish"]
[Black "Whittle, Jonathon"]
[Result "1-0"]
[WhiteElo "1591"]
[BlackElo "1605"]

1. e4 g6 2. d4 Bg7 3. Nf3 d6 4. Nc3 a6 5. Be3 Nd7 6. Qd2 h6 7. Be2 e6 8. O-O
Ne7 9. a4 b6 10. b4 Bb7 11. b5 a5 12. Bd3 g5 13. Rad1 Ng6 14. Qe2 e5 15. dxe5
g4 16. Nd4 Bxe5 17. Nd5 Bxd5 18. exd5 Qh4 19. f4 Bf6 20. Bf2+ Kd8 21. Bxh4 Nxh4
22. Nc6+ Kc8 23. Qxg4 h5 24. Qh3 Rg8 25. g3 Rg4 26. Kh1 Kb7 27. gxh4 Bxh4 28.
Bf5 1-0

[Event "Autumn Cup"]
[Site "Wellington Chess Club"]
[Date "2012.05.22"]
[Round "4"]
[White "Stoeveken, Peter"]
[Black "Brockway, Andrew"]
[Result "1-0"]
[WhiteElo "1888"]
[BlackElo "1813"]

1. c4 c5 2. Nc3 Nc6 3. Nf3 g6 4. e3 Bg7 5. d4 cxd4 6. exd4 d6 7. Be3 Bg4 8. Be2
Nh6 9. Qb3 Na5 10. Qa4+ Bd7 11. Qc2 Rc8 12. b3 O-O 13. d5 b6 14. Qd2 Ng4 15.
Bd4 Nf6 16. h3 Nb7 17. b4 Bf5 18. Nh4 Bd7 19. g4 Ne8 20. Nf3 f6 21. Be3 Rf7 22.
g5 b5 23. cxb5 f5 24. Rc1 Qc7 25. Nd4 Nd8 26. h4 e6 27. Qd3 e5 28. Nc6 Bxc6 29.
bxc6 f4 30. Bd2 Rb8 31. h5 Rf5 32. Ne4 Qf7 33. c7 Nxc7 34. Nxd6 Qxd5 35. Nxf5
Qxh1+ 36. Bf1 e4 37. Ne7+ Kf8 38. Qd6 Kf7 39. Rxc7 Rb7 40. Rxb7 Nxb7 41. hxg6+
hxg6 42. Qxg6+ Kxe7 43. Qxg7+ Kd6 44. Qxb7 Qh8 45. Bxf4+ Ke6 46. Qxe4+ Kd7 47.
Bb5+ 1-0

[Event "Autumn Cup"]
[Site "Wellington Chess Club"]
[Date "2012.05.22"]
[Round "4"]
[White "Theodosiou, Andreas"]
[Black "Palmer, Luke"]
[Result "1-0"]
[WhiteElo "1231"]
[BlackElo "1140"]

1. e4 e5 2. Nc3 Nf6 3. f4 d6 4. Bc4 Be6 5. Bxe6 fxe6 6. Nf3 Nc6 7. d4 exd4 8.
Nxd4 Nxd4 9. Qxd4 Be7 10. O-O d5 11. e5 c5 12. Qf2 Ne4 13. Nxe4 dxe4 14. Qe2
Qd4+ 15. Kh1 O-O 16. c3 Qd5 17. b3 Rac8 18. c4 Qd4 19. Bb2 Qd8 20. Qxe4 b6 21.
Rf3 Bh4 22. Rd3 Qc7 23. Rh3 Qd8 24. Rf1 h6 25. Bc3 Rc7 26. f5 Rd7 27. Rxh4 Rd1
28. Be1 Rd4 29. Qc6 exf5 30. Qe6+ Kh8 31. Rh5 f4 32. Bh4 Rd1 33. Be1 f3 34.
gxf3 Rxf3 35. Rxf3 Rxe1+ 36. Kg2 Qd2+ 37. Rf2 Re2 38. Qf5 g6 39. Qf8+ Kh7 40.
Qf7+ Kh8 41. Rh3 Qc2 42. Rxh6# 1-0

[Event "Autumn Cup"]
[Site "Wellington Chess Club"]
[Date "2012.05.22"]
[Round "4"]
[White "Wastney, Scott"]
[Black "Ker, Anthony"]
[Result "1/2-1/2"]
[WhiteElo "2388"]
[BlackElo "2451"]

1. e4 d6 2. d4 Nf6 3. Nc3 g6 4. f4 Bg7 5. Nf3 c5 6. dxc5 Qa5 7. Qd4 Nc6 8. Bb5
O-O 9. Qa4 Qxa4 10. Bxa4 Nd7 11. Nd5 Nxc5 12. Bxc6 bxc6 13. Nxe7+ Kh8 14. e5
Bb7 15. exd6 Rad8 16. Be3 Na4 17. Rd1 Nxb2 18. Rb1 Rxd6 19. Ne5 Re6 20. Rxb2
Bxe5 21. fxe5 Rxe7 22. O-O Rfe8 23. Bg5 Rc7 24. Rd1 Kg8 25. Bd8 Rc8 26. Bf6 Rc7
27. Rb4 c5 28. Rh4 Bc8 29. Rd3 Bf5 30. Rc3 Rb8 31. g4 g5 32. Bxg5 Bg6 33. Rb3
Rxb3 34. cxb3 c4 35. bxc4 Rxc4 36. Rh3 Rxg4+ 37. Rg3 Rxg3+ 1/2-1/2

[Event "Autumn Cup"]
[Site "Wellington Chess Club"]
[Date "2012.05.23"]
[Round "4"]
[White "Dive, Russell"]
[Black "Pomeroy, Arthur"]
[Result "1-0"]
[WhiteElo "2429"]
[BlackElo "2111"]

1. Nf3 g6 2. c4 Bg7 3. Nc3 Nf6 4. g3 O-O 5. Bg2 d5 6. cxd5 Nxd5 7. O-O Nc6 8.
d4 Nb6 9. d5 Nb4 10. e4 e6 11. Qb3 Nd3 12. Bg5 Qd7 13. a4 exd5 14. exd5 c5 15.
dxc6 Qxc6 16. Ne1 Nc5 17. Qa3 Qc7 18. Nb5 Qe5 19. Nf3 Qf5 20. Nd6 { Black lost
on time} 1-0

[Event "Autumn Cup"]
[Site "Wellington Chess Club"]
[Date "2012.05.23"]
[Round "4"]
[White "Forster, Bill"]
[Black "Jackson, Ross"]
[Result "1/2-1/2"]
[WhiteElo "2041"]
[BlackElo "2060"]

1. Nf3 d5 2. g3 Nc6 3. d4 Bg4 4. Bg2 Qd7 5. Nc3 e6 6. a3 Nge7 7. h3 Bh5 8. g4
Bg6 9. Bf4 h5 10. Qd2 f6 11. O-O-O Na5 12. Kb1 Nc4 13. Qc1 Nc6 14. Rhe1 hxg4
15. hxg4 N6a5 16. e4 O-O-O 17. Nd2 Nxd2+ 18. Qxd2 Nc4 19. Qe2 Re8 20. Bg3 b5
21. exd5 exd5 22. Qf1 Rxe1 23. Qxe1 c6 24. Na2 Qxg4 25. Rc1 Qd7 26. Nb4 Bd6 27.
Bxd6 Qxd6 28. Qe2 Re8 29. Bh3+ f5 30. Bxf5+ Kb7 31. Qg4 Bxf5 32. Qxf5 Rf8 33.
Qg4 g6 34. Nd3 Rf5 35. Rh1 Nd2+ 36. Kc1 Ne4 37. Nc5+ Nxc5 38. dxc5 Qxc5 39.
Rh7+ Ka6 40. Qxg6 Rxf2 41. Qd3 Rg2 42. Rf7 Rg1+ 43. Rf1 Rxf1+ 44. Qxf1 Qe3+ 45.
Kb1 Qe4 46. Qf6 d4 47. Qd8 Qe1+ 48. Ka2 Qe6+ 49. Kb1 c5 50. Qc7 Qb6 51. Qg3 Qc6
52. Qd3 Qh1+ 53. Ka2 Qd5+ 54. Kb1 c4 55. Qg6+ Kb7 56. Qg7+ Kb6 57. Qf6+ Ka5 58.
Qf4 d3 59. Qd2+ Kb6 60. Qh6+ Kb7 61. Qh7+ Kc6 62. Qh6+ Qd6 63. Qh1+ Kb6 64.
Qg1+ Ka6 65. cxd3 cxd3 66. Qd1 Qg6 67. Kc1 Qg5+ 68. Qd2 Qg1+ 69. Qd1 Qe3+ 70.
Qd2 Qc5+ 71. Kd1 Qg1+ 72. Qe1 Qxe1+ 73. Kxe1 Ka5 74. b3 Kb6 1/2-1/2

[Event "Autumn Cup"]
[Site "Wellington Chess Club"]
[Date "2012.05.23"]
[Round "4"]
[White "Nyberg, Michael"]
[Black "Nijman, Brian"]
[Result "0-1"]
[WhiteElo "2076"]
[BlackElo "2155"]

1. d4 e6 2. c4 Bb4+ 3. Nd2 c5 4. e3 Nf6 5. f3 Qb6 6. a3 Bxd2+ 7. Qxd2 a5 8. Ne2
Nc6 9. dxc5 Qxc5 10. Nd4 Nxd4 11. exd4 Qb6 12. Qf2 O-O 13. Be3 d5 14. c5 Qc7
15. Be2 b6 16. Rc1 Ba6 17. O-O Bxe2 18. Qxe2 Rfb8 19. g3 Qc6 20. Bf4 Rc8 21.
Rfd1 Nd7 22. Bd6 a4 23. f4 bxc5 24. Bxc5 Qa6 25. Qe3 Nf6 26. Bb4 Ne4 27. g4
Rxc1 28. Rxc1 Rc8 29. Bc3 f5 30. h3 Rc4 31. g5 Qc8 32. Kg2 Qe8 33. Qf3 Qg6 34.
h4 Qe8 35. Qe2 Qb8 36. Qe3 Kf7 37. h5 Nxc3 38. bxc3 Qb2+ 39. Kh1 Rc6 40. g6+
hxg6 41. hxg6+ Ke7 42. Kg1 Qxa3 43. Rc2 Qb3 44. Qd3 a3 45. Re2 a2 46. Rxa2 Qxa2
47. Qb5 Qa1+ 48. Kh2 Qxc3 49. Qb7+ Rc7 50. Qb6 Qd2+ 51. Kh3 Qc3+ 0-1

[Event "Autumn Cup"]
[Site "Wellington Chess Club"]
[Date "2012.05.29"]
[Round "5"]
[White "Brockway, Andrew"]
[Black "Nicholls, Alistair"]
[Result "0-1"]
[WhiteElo "1813"]
[BlackElo "1760"]

1. e4 e5 2. Nf3 f5 3. Bc4 fxe4 4. Nxe5 d5 5. Qh5+ g6 6. Nxg6 Nf6 7. Qe5+ Be7 8.
Nxe7 Qxe7 9. Qxe7+ Kxe7 10. Be2 Rg8 11. g3 Nc6 12. c3 Ne5 13. b3 b6 14. h3 Nd3+
15. Bxd3 exd3 16. c4 d4 17. b4 c5 (17... Kf7 18. c5 Re8+ 19. Kf1 bxc5 20. bxc5
Re2 21. Na3 Bb7 22. Rg1 Rae8 23. Bb2 Ne4 24. Nc4 Rxf2+ 25. Ke1 Nxd2+ 26. Kxf2
Re2#) 18. bxc5 bxc5 19. Na3 Bb7 20. O-O a6 21. Rb1 Bf3 22. Re1+ Be2 23. Rb7+
Ke6 24. Rb6+ Ke5 25. f4+ Kf5 26. g4+ Nxg4 27. hxg4+ Rxg4+ 28. Kh2 Rag8 29. Rh6
Kxf4 (29... Rg2+ 30. Kh1 (30. Kh3 R8g3+ 31. Kh4 Rf3 32. Rh5+ Kxf4) 30... Rf2
31. Rh3 Bf3+ 32. Rxf3 Rxf3 33. Re5+ Kxf4 34. Rh5 Rf2 35. Bb2 Kg3 36. Bxd4 cxd4
37. Kg1 Kf3+ 38. Kh1 Rf1+ 39. Kh2 Rg2+ 40. Kh3 Rh1#) 30. Rh3 (30. Rf6+ Kg5 31.
Rf2 Rg6 32. Rg2 Rh6+ 33. Kg1 Kf4 34. Rxe2 dxe2 35. Nc2 Rxg2+ 36. Kxg2 d3 37.
Ne1 Ke4 38. Ba3) 30... Rg2+ 31. Kh1 Bf3 32. Rxf3+ Kxf3 33. Bb2 R8g6 34. Rf1+
Kg3 {White resigns} 0-1

[Event "Autumn Cup"]
[Site "Wellington Chess Club"]
[Date "2012.05.29"]
[Round "5"]
[White "Hewson, Michael"]
[Black "Farrington, Lawrence"]
[Result "1-0"]
[WhiteElo "1799"]
[BlackElo "1767"]

1. e4 e5 2. f4 d5 3. exd5 e4 4. d3 Qxd5 5. Nc3 Bb4 6. Bd2 Bxc3 7. Bxc3 Nf6 8.
Bxf6 gxf6 9. dxe4 Qxe4+ 10. Qe2 f5 11. O-O-O Be6 12. Qxe4 fxe4 13. Re1 f5 14.
g4 Kf7 15. gxf5 Bd5 16. Bg2 Re8 17. Ne2 Nd7 18. Nc3 c6 19. Bxe4 Bxe4 20. Nxe4
Re7 21. Ng5+ Kf8 22. Rxe7 Kxe7 23. Re1+ Kf6 24. Nxh7+ Kxf5 25. Re7 Nc5 26. Re5+
Kg6 27. Rxc5 Kxh7 28. Kd2 Kg6 29. h4 Rd8+ 30. Ke2 Rd4 31. Ke3 Rd1 32. h5+ Kh6
33. Rg5 Rc1 34. Rc5 Rf1 35. Ke4 Rf2 36. Kf5 Kxh5 37. Ke6+ Kg4 38. f5 Re2+ 39.
Re5 Rxc2 40. f6 Rxb2 41. f7 Rf2 42. Ke7 b6 43. f8=Q Rxf8 44. Kxf8 Kf4 45. Re6
c5 46. Rc6 Ke5 47. Ke7 Kd4 48. Kd6 c4 49. a4 Kd3 50. Kc7 Kd4 51. Kb7 Kd5 52.
Rc8 Kd4 53. Kxa7 Kc3 54. Kxb6 Kb4 55. a5 1-0

[Event "Autumn Cup"]
[Site "Wellington Chess Club"]
[Date "2012.05.29"]
[Round "5"]
[White "Jackson, Ross"]
[Black "Sellen, Ian"]
[Result "1/2-1/2"]
[WhiteElo "2060"]
[BlackElo "2069"]

1. d4 d5 2. c4 e6 3. Nc3 Nf6 4. cxd5 exd5 5. Bg5 Be7 6. e3 h6 7. Bxf6 Bxf6 8.
Bd3 c6 9. Nf3 Nd7 10. O-O O-O 11. b4 Be7 12. b5 Qa5 13. Qc2 Nb6 14. bxc6 bxc6
15. Ne5 Bb7 16. Rfc1 Ba3 17. Rcb1 Rad8 18. Rb3 Bd6 19. Qb2 Ba8 20. Rc1 Nd7 21.
Nxd7 Rxd7 22. e4 dxe4 23. Nxe4 Bf4 24. Rd1 Qh5 25. Qb1 Qxh2+ 26. Kf1 Re7 27.
Bc2 Bc7 28. Rh3 Qf4 29. Rf3 Qg4 30. Nc5 Qc8 31. Qb3 Qb8 32. Qd3 Qb5 33. Kg1
Qxd3 34. Bxd3 Rfe8 35. Kf1 Ba5 36. g3 Bb7 37. Nxb7 Rxb7 38. Bc4 Rbe7 39. Kg2
Kf8 40. d5 cxd5 41. Rxd5 Bb6 42. Bb3 Rd8 43. Rdf5 f6 44. Rc3 Rc7 45. Rcf3 Bd4
46. Ra5 Ke7 47. Rd3 Bb6 48. Rxd8 Kxd8 49. Rd5+ Ke7 50. Rd2 Rd7 1/2-1/2

[Event "Autumn Cup"]
[Site "Wellington Chess Club"]
[Date "2012.05.29"]
[Round "5"]
[White "Ker, Anthony"]
[Black "Nyberg, Michael"]
[Result "1-0"]
[WhiteElo "2451"]
[BlackElo "2076"]

1. e4 c6 2. d4 d5 3. exd5 cxd5 4. c4 e6 5. Nc3 Nc6 6. Nf3 Nf6 7. a3 a6 8. c5
Qc7 9. b4 Be7 10. Be2 O-O 11. O-O Ne4 12. Bb2 f5 13. Qb3 Ng5 14. Rad1 Nxf3+ 15.
Bxf3 Bf6 16. Na4 Bd7 17. Nb6 Rad8 18. Rfe1 Kh8 19. a4 Bc8 20. b5 axb5 21. axb5
Nxd4 22. Rxd4 Qxc5 23. Na4 Qc7 24. Rdd1 Bd7 25. Rc1 Qa5 26. Bxf6 Rxf6 27. Nc5
Qxb5 28. Qxb5 Bxb5 29. Nxe6 Rg8 {Rest of the score sheet unclear, Black
resigned on move 33} 1-0

[Event "Autumn Cup"]
[Site "Wellington Chess Club"]
[Date "2012.05.29"]
[Round "5"]
[White "Meyer, Marany"]
[Black "Forster, Bill"]
[Result "1-0"]
[WhiteElo "2065"]
[BlackElo "2041"]

1. e4 d6 2. Nf3 Nd7 3. Bc4 Ngf6 4. d3 g6 5. c3 Bg7 $6 {It was only after 10
minutes or so of a 20 minute think from Marany that I realised what I'd let
myself in for. Surprisingly enough, at the end of the following long, computer
approved, forcing sequence, black is still in the game.} 6. Bxf7+ $1 Kxf7 7.
Ng5+ Kg8 8. Ne6 Qe8 9. Nxc7 Qd8 10. Nxa8 b6 11. Qb3+ Kf8 12. Be3 Bb7 13. Nxb6
axb6 14. Nd2 Nc5 15. Qc2 Kf7 16. O-O Rf8 17. f3 Ba6 18. c4 Nfd7 19. Rab1 Kg8
20. f4 Ne6 21. b4 Qc7 22. Nb3 Kh8 23. Qd2 b5 24. Rbc1 bxc4 25. dxc4 Bb7 26. e5
$2 (26. f5 $1) 26... dxe5 27. fxe5 Rxf1+ 28. Rxf1 Nxe5 {For the first time in
the game I felt happy, I have  nominal material equality and my four minor
pieces are pretty as a picture. The comp thinks chances are equal here. } 29.
c5 $2 {This should lose} 29... Qc6 $4 (29... Ng4 $1 30. Bf4 Be5 31. Qe2 Bxf4
32. Qxg4 Be3+ 33. Kh1 Nf4 34. Rxf4 Bxf4 $19) 30. Na5 Qe4 31. Nxb7 Qxb7 $2 (
31... Nc4 $1) 32. Rc1 Qe4 33. Bf2 h5 $2 (33... Nd3 $1 34. Rf1 Nef4 35. Bg3 Bd4+
36. Kh1 Nf2+ 37. Rxf2 Qb1+ {and mates was a fantasy  line we looked at in the
post-mortem. So sad to win the post-mortem after losing the game!} ) 34. Re1
Qf5 35. a4 Nf4 36. Bg3 Bh6 $4 {the last error}  (36... Nh3+ {! was a good try}
) 37. Qd8+ Bf8 38. Rxe5 $1 {a nice concluding shot} 38... Qxe5 39. Qxf8+ Kh7
40. Qxf4 {black resigns} 1-0

[Event "Autumn Cup"]
[Site "Wellington Chess Club"]
[Date "2012.05.29"]
[Round "5"]
[White "Nijman, Brian"]
[Black "Dive, Russell"]
[Result "0-1"]
[WhiteElo "2155"]
[BlackElo "2429"]

1. e4 Nf6 2. e5 Nd5 3. c4 Nb6 4. c5 Nd5 5. Bc4 e6 6. d4 b6 7. Bxd5 exd5 8. Ne2
bxc5 9. dxc5 c6 10. Qd4 a5 11. Nbc3 Na6 12. Na4 Nb4 13. Kd1 Ba6 14. h4 Bxe2+
15. Kxe2 Nc2 16. Qc3 Nxa1 17. Be3 Be7 18. Rxa1 O-O 19. h5 f6 20. h6 g6 21. Kf1
fxe5 22. Qxe5 Bf6 23. Qg3 Qb8 24. Qxb8 Raxb8 25. Nb6 Rf7 26. Rb1 Re8 27. Kg1
Re4 28. a3 Bd4 29. Bxd4 Rxd4 30. b4 axb4 31. axb4 Rd2 32. f3 Re7 33. Ra1 Kf7
34. Ra8 Kf6 35. Rd8 Kg5 36. Nxd7 Kh4 0-1

[Event "Autumn Cup"]
[Site "Wellington Chess Club"]
[Date "2012.05.29"]
[Round "5"]
[White "Palmer, Luke"]
[Black "Frater, Dylan"]
[Result "0-1"]
[WhiteElo "1140"]
[BlackElo "1586"]

1. e4 c5 2. d3 Nc6 3. Nf3 d6 4. Nc3 e5 5. Be2 h6 6. O-O Be7 7. Nd5 Nf6 8. Nxe7
Nxe7 9. Qe1 Nc6 10. Bd2 Nd4 11. Nxd4 exd4 12. c3 b6 13. cxd4 cxd4 14. h3 O-O
15. Bb4 a5 16. e5 Nd5 17. Bf3 Nxb4 18. Bxa8 Nc2 19. Qc1 Nxa1 20. Qxa1 Qg5 21.
e6 Bxe6 22. b3 Bxh3 23. Be4 Re8 24. Qxd4 f5 25. Bd5+ Kh7 26. Bf3 Re6 27. Qxb6
Rg6 28. Qxa5 Bxg2 29. Re1 Bxf3+ 30. Kf1 Qg2# 0-1

[Event "Autumn Cup"]
[Site "Wellington Chess Club"]
[Date "2012.05.29"]
[Round "5"]
[White "Pomeroy, Arthur"]
[Black "Wastney, Scott"]
[Result "0-1"]
[WhiteElo "2111"]
[BlackElo "2388"]

1. e4 e5 2. Nf3 Nc6 3. Bb5 Nf6 4. d3 Bc5 5. O-O Nd4 6. Nxd4 Bxd4 7. Nd2 c6 8.
Ba4 d6 9. c3 Bb6 10. h3 O-O 11. Nf3 h6 12. Qe2 Nh5 13. Kh2 Qf6 14. Bc2 Nf4 15.
Bxf4 Qxf4+ 16. g3 Qf6 17. Nh4 g6 18. f4 exf4 19. Rxf4 Qe6 20. Qg2 Kg7 21. Bb3
Qe7 22. Raf1 Be6 23. Qf3 Bxb3 24. axb3 Rae8 25. Rf6 Bd8 26. Qg4 Qxf6 27. Rxf6
Bxf6 28. Nf5+ Kh7 29. Nxd6 Rd8 30. Nc4 Rxd3 31. e5 Bg7 32. Qe2 Rd5 33. e6 Re8
0-1

[Event "Autumn Cup"]
[Site "Wellington Chess Club"]
[Date "2012.05.29"]
[Round "5"]
[White "Roberts, Michael"]
[Black "Stoeveken, Peter"]
[Result "1/2-1/2"]
[WhiteElo "1868"]
[BlackElo "1888"]

1. d4 d5 2. c4 Nf6 3. Nc3 dxc4 4. e3 Bg4 5. f3 Bh5 6. Bxc4 e6 7. Nge2 a6 8. O-O
c5 9. a4 Qc7 10. d5 Bd6 11. dxe6 Bxh2+ 12. Kf2 O-O 13. g3 Qc6 14. Bd5 Nxd5 15.
Qxd5 Qxd5 16. Nxd5 fxe6 17. Ndf4 Bxg3+ 18. Kxg3 Bf7 19. Bd2 Nd7 20. Bc3 Rae8
21. Rad1 Nb6 22. a5 e5 23. Ng6 Bxg6 24. axb6 Re6 25. Rd7 Be4 26. f4 Bc6 27. Rc7
Rg6+ 28. Kf2 exf4 29. exf4 Bb5 30. Rg1 Rxg1 31. Kxg1 Rf7 32. Rc8+ Rf8 33. Rxf8+
Kxf8 34. Ng3 g6 35. Be5 Ke7 36. Ne4 Bc6 37. Nxc5 h6 38. Kf2 g5 39. Kg3 gxf4+
40. Kxf4 Bh1 41. Kf5 h5 42. Kg5 Bf3 43. Nd3 Ke6 44. Bc7 Kd5 45. Nf4+ Kc4 46.
Nxh5 a5 47. Nf4 a4 48. Kf6 Kb3 49. Be5 Kc4 50. Ne6 Kd5 51. Bc7 Kc4 52. Ke7 Kb3
53. Be5 a3 54. bxa3 Kxa3 55. Kd6 Kb4 56. Kc7 Ka5 57. Nc5 Kb5 58. Nxb7 Bg2 59.
Bd4 Kc4 60. Nd8 Kb5 61. Kd6 Bf3 62. Ne6 Kc4 63. Bf2 Bg2 64. Nc7 Bf3 65. Ke5 Bc6
66. Kd6 Bf3 67. Ne6 Bg2 68. Nc5 Bf3 69. b7 Bxb7 70. Nxb7 Kb5 71. Kd5 Ka6 72.
Kc6 1/2-1/2